| 000 -LEADER |
| fixed length control field |
01417pab a2200181 454500 |
| 008 - FIXED-LENGTH DATA ELEMENTS--GENERAL INFORMATION |
| fixed length control field |
180718b2011 xxu||||| |||| 00| 0 eng d |
| 100 ## - MAIN ENTRY--PERSONAL NAME |
| Personal name |
Sharma, Subhash |
| 245 ## - TITLE STATEMENT |
| Title |
Corruption: Causes, consequences and eradication |
| 260 ## - PUBLICATION, DISTRIBUTION, ETC. |
| Date of publication, distribution, etc. |
2011 |
| 300 ## - PHYSICAL DESCRIPTION |
| Extent |
p.583-599 |
| 362 ## - DATES OF PUBLICATION AND/OR SEQUENTIAL DESIGNATION |
| Dates of publication and/or sequential designation |
Jul-Sep |
| 520 ## - SUMMARY, ETC. |
| Summary, etc. |
Coruption has become so ingrained in the Indian psyche that often a large number of people casually remark that it is inevitable. It has come to hamper human flourishing in different ways. There has been a consistent decline in social and moral values in India and due to this decay a section of society is flourishing in collusion with the politicians, officialdom, contractor, suppliers, industrialists and traders. Corruption in the longer run affects the economy by distorting local, national and international trade in various ways, it ultimately makes democracy dysfunctional, because it devaluates the rule of law resulting into chaos and anarchy. Prevalence of corruption on a large scale leads to social, economic and politial exclusion. For eradication of corruption both values and institution equally matter because values serve as 'guiding stars' but are to be sustained by institutions to become durable and to serve as an example to others. - Reproduced. |
| 650 ## - SUBJECT ADDED ENTRY--TOPICAL TERM |
| Topical term or geographic name entry element |
Corruption |
| 700 ## - ADDED ENTRY--PERSONAL NAME |
| Personal name |
Mishra, Devendra |
| 773 ## - HOST ITEM ENTRY |
| Main entry heading |
Indian Journal of Public Administration |
| 908 ## - PUT COMMAND PARAMETER (RLIN) |
| Put command parameter |
N |
| 909 ## - |
| -- |
94165 |